000 02073cam a22004094i 4500
003 PE-LiUPU
005 20250731183427.0
008 150706s r 000 0 d
020 _a0977190021
035 _a(Sirsi) i9780977190027
040 _aPE-LiUPU
_bspa
_cPE-LiUPU
_erda
049 _aPRUA
082 0 4 _a726.51
_bS31
_221
100 1 _aSchuller, Robert H.,
_eautor.
245 1 2 _aA place of beauty joy forever /
_cRobert H. Schuller.
264 1 _aCalifornia :
_bCrystal Cathedral Ministries,
_c2005.
300 _a233 páginas :
_bilustraciones ;
_c31 centímetros
336 _atext
_2rdacontent
337 _aunmediated
_2rdamedia
338 _avolume
_2rdacarrier
505 0 _aA historical look at Robert Schuller and the Crystal Cathedral -- The dream is born -- The architecture of the Crystal Cathedral Grounds -- The dream captures God´s natural beauty -- What is excellence in Architecture and why is it important? by Dr. Robert H. Schuller -- The architecture of Richard Neutra -- The architecture of Philip Johnson -- The architecture of Richard Meier -- The gardens of the Crystal Cathedral -- The dream provides peace -- The still Waters -- The trees -- The flowers -- The art of the Crystal Cathedral -- The dream comes alive -- The sculptures -- The paintings -- The dream is praised & Honored.
526 _aP158
526 _aP146
526 _aP17
526 _aP12
526 _aP06
650 1 4 _aArquitectura religiosa
_zEstados Unidos.
650 2 4 _aIglesias.
700 1 _aColeman, James,
_ecomp.
910 _bjck
_d20110511
942 _2ddc
_cBOOK
949 _a726.51 S31
_wDEWEY
_c1
_i62887
_lCCODEBUL1
_mBUL
_p38.00
_r0
_sY
_tBOOK
_u2015-7-6
_xINGENIERIA
_zUNKNOWN
_0COMPRA
_o.STAFF. Colección General
994 _aC0
_bPEPRU
596 _a1
999 _a726.51 S31
_wDEWEY
_c51915
_i62887
_f2021-11-10
_g7
_lCCODEBUL1
_mBUL
_p38.00
_r0
_sY
_tBOOK
_u2015-7-6
_xINGENIERIA
_zUNKNOWN
_0COMPRA
_o.STAFF. Colección General
_d51915
980 _81
_gALBERTO SANCHEZ Responsable de Automatización